Savirada satyagalu (Record no. 122557)
[ view plain ]
| 000 -LEADER | |
|---|---|
| fixed length control field | 02081nam a2200229Ia 4500 |
| 003 - CONTROL NUMBER IDENTIFIER | |
| control field | OSt |
| 005 - DATE AND TIME OF LATEST TRANSACTION | |
| control field | 20251114101041.0 |
| 008 - FIXED-LENGTH DATA ELEMENTS--GENERAL INFORMATION | |
| fixed length control field | 210210b2018 xxu||||| |||| 00| 0 eng d |
| 040 ## - CATALOGING SOURCE | |
| Transcribing agency | AL |
| 041 ## - LANGUAGE CODE | |
| Language code of text/sound track or separate title | Kannada |
| 082 ## - DEWEY DECIMAL CLASSIFICATION NUMBER | |
| Classification number | 398.2K GANS |
| 100 ## - MAIN ENTRY--PERSONAL NAME | |
| Personal name | GANESH AMIN SANKAMAR |
| 9 (RLIN) | 132142 |
| Dates associated with a name | ಗಣೇಶ್ ಅಮೀನ್ ಸಂಕಮಾರ್ |
| 245 ## - TITLE STATEMENT | |
| Title | Savirada satyagalu |
| Remainder of title | ಸಾವಿರದ ಸತ್ಯಗಳು |
| 260 ## - PUBLICATION, DISTRIBUTION, ETC. | |
| Place of publication, distribution, etc. | Mangaluru |
| Name of publisher, distributor, etc. | Siri Prakashana |
| Date of publication, distribution, etc. | 2018 |
| 300 ## - PHYSICAL DESCRIPTION | |
| Extent | xx,456 |
| 520 ## - SUMMARY, ETC. | |
| Summary, etc. | ದೈವಾರಾಧನೆಗೆ ಸಂಬಂಧಿಸಿದ ಡಾ.ಗಣೇಶ ಅಮೀನ್ ಸಂಕಮಾರ್ ಅವರ ಅಧ್ಯಯನ ಗ್ರಂಥ ‘ಸಾವಿರದ ಸತ್ಯಗಳು’ ದೈವ ಕಟ್ಟುವವರಿಗೆ ಮತ್ತು ಆಧುನಿಕ ರಂಗಭೂಮಿ ಬಳಸುವವರಿಗೆ ಅತ್ಯಂತ ಉಪಯುಕ್ತ ಸಮಾಲೋಚನಾ ಗ್ರಂಥವಾಗಿದೆ. ತುಳುನಾಡಿನ ಸುಮಾರು 35 ದೈವಗಳ ನುಡಿಗಳನ್ನು ತಮ್ಮ ಸಾವಿರದ ಸತ್ಯಗಳು ಕೃತಿಯ ಮೂಲಕ ಸಂಗ್ರಹಿಸಿದ್ದಾರೆ<br/>ಆರಾಧನೆ ನುಡಿಗಟ್ಟು, ಪಾರಿ, ಮಧು, ಮದಿಪು, ಬಿರೊ ಹೇಗಿವೆ ಎಂಬುದನ್ನು ಮುಂದಿನ ತಲೆಮಾರಿಗೆ ತಿಳಿಸುವ ಪ್ರಯತ್ನ ಶ್ಲಾಘನೀಯ. ಹೊಸ ಕಾಲದಲ್ಲಿ ಎಲ್ಲವು ಹೊಸ ರೂಪ ಪಡೆಯುತ್ತಿದೆ. ಜನಪದವು ವೈದಿಕ ರೂಪಾಂತರವಾಗುತ್ತಿರುವ ಸಂದರ್ಭ ತುಳುವಿನ ಮಣ್ಣಿನ ವಾಸನೆಯ ಶ್ರೀಮಂತಿಕೆಯನ್ನು, ಅಪರೂಪದ ತುಳು ಪಾರಿಭಾಷಿಕ ಪದಬಳಕೆಯನ್ನು ತಿಳಿಸುವ ಅಪೂರ್ವ ಗ್ರಂಥ ಇದಾಗಿದೆ.<br/><br/> |
| 650 ## - SUBJECT ADDED ENTRY--TOPICAL TERM | |
| Topical term or geographic name entry element | Savirada |
| 9 (RLIN) | 132143 |
| 650 ## - SUBJECT ADDED ENTRY--TOPICAL TERM | |
| Topical term or geographic name entry element | satyagalu |
| 9 (RLIN) | 132144 |
| 690 ## - LOCAL SUBJECT ADDED ENTRY--TOPICAL TERM (OCLC, RLIN) | |
| Topical term or geographic name as entry element | Folklore |
| 9 (RLIN) | 132145 |
| 906 ## - LOCAL DATA ELEMENT F, LDF (RLIN) | |
| a | 072632 |
| 942 ## - ADDED ENTRY ELEMENTS (KOHA) | |
| Source of classification or shelving scheme | Dewey Decimal Classification |
| Koha item type | Book |
| Withdrawn status | Lost status | Source of classification or shelving scheme | Damaged status | Not for loan | Collection code | Home library | Current library | Shelving location | Date acquired | Cost, normal purchase price | Total Checkouts | Total Renewals | Full call number | Barcode | Date last seen | Date last checked out | Price effective from | Koha item type |
|---|---|---|---|---|---|---|---|---|---|---|---|---|---|---|---|---|---|---|
| Dewey Decimal Classification | Kannada | St Aloysius Library | St Aloysius Library | Stack Section | 02/17/2021 | 500.00 | 1 | 1 | 398.2K GANS | 072632 | 03/28/2026 | 07/29/2025 | 02/17/2021 | Book |